000 00374nam a2200121Ia 4500
008 240731s9999 xx 000 0 und d
022 _a1754-7628
245 0 _aCochlear Implants International : An Interdisciplinary Journal for Implantable Hearing Devices
260 _bTaylor & Francis
856 _uhttps://www.tandfonline.com/loi/ycii20
942 _2ddc
942 _cTFEJ
999 _c75924
_d75924
945 _a1
_bMadushi Gamage
_c1
_dMadushi Gamage